[Event "45th Olympiad 2024"]
[Site "Budapest HUN"]
[Date "2024.09.15"]
[Round "5.22"]
[Board "3"]
[White "Laurusas, Tomas"]
[Black "De La Riva Aguado, Oscar"]
[Result "1/2-1/2"]
[WhiteElo "2569"]
[BlackElo "2431"]
[PlyCount "51"]
[EventDate "2024.09.11"]
[WhiteTeam "Lithuania"]
[BlackTeam "Andorra"]
[WhiteTeamCountry "LTU"]
[BlackTeamCountry "AND"]

1. d4 Nf6 2. c4 g6 3. Nc3 Bg7 4. e4 d6 5. Nf3 O-O 6. Bd3 Bg4 7. Be2 Nfd7 ({RR} 7... e5 8. d5 a5 9. Be3 Na6 10. Nd2 Bxe2 11. Qxe2 Nd7 12. g4 Ndc5 13. O-O-O Qd7 14. h4 Na4 15. Ndb1 h6 16. Nxa4 Qxa4 17. Nc3 Qd7 18. h5 g5 19. Kd2 c5 20. Ke1 Rfb8 21. Kf1 a4 22. Rb1 {½-½ Carlsen,M (2859)-Nakamura,H (2768) chess.com SpeedChess 2022 (4.12)}) 8. Be3 Bxf3 9. Bxf3 Nc6 10. h4 $146 ({RR} 10. O-O e5 11. d5 Ne7 12. Qd2 f5 13. Bh6 f4 14. Bxg7 Kxg7 15. b4 Nf6 16. Be2 h5 17. c5 Rh8 18. a4 g5 19. a5 g4 20. a6 b6 21. cxd6 cxd6 22. Nb5 Qd7 23. Rac1 Rac8 24. Qd3 Kf7 {½-½ Mueller,R-Dueck,S (2112) Sachsen-ch U14 2002 (4)}) ({RR} 10. d5 Na5 11. Be2 Nb6 12. Bd4 Bxd4 13. Qxd4 c5 14. dxc6 e5 15. Qe3 bxc6 16. c5 dxc5 17. Qxc5 Nd7 18. Qa3 Nb7 19. Rd1 Qe8 20. Na4 Nb6 21. Nc5 Nxc5 22. Qxc5 Qe6 23. b3 Rfd8 24. O-O Qf6 {½-½ Krstulovic,A (2414)-Baidetskyi,V (2497) Mitropa Cup 2024 (6.1)}) ({RR} 10. d5 Na5 11. Be2 Ne5 12. Qa4 c6 13. O-O Rc8 14. Rac1 Naxc4 15. Bxc4 b5 16. Bxb5 cxb5 17. Nxb5 Qd7 18. Qa6 Rxc1 19. Rxc1 Qg4 20. Nxa7 f5 21. Nc6 Nf3+ 22. Kh1 Nh4 23. Qf1 fxe4 24. h3 Qd7 {1-0 Kazakouski,V (2577)-Kobo,O (2556) 24th European Teams 2023 (7.9)}) ({RR} 10. d5 Na5 11. Be2 Nb6 12. Bd4 Bxd4 13. Qxd4 c5 14. dxc6 e5 15. Qd2 bxc6 16. b3 Nb7 17. h4 Qe7 18. h5 Nc5 19. Rd1 Rad8 20. b4 Ne6 21. b5 cxb5 22. cxb5 Nd4 23. a4 d5 24. hxg6 fxg6 {½-½ Pham Tran Gia Phuc (2384)-Chandra,A (2486) Qatar Masters Open 2023 (3.57)}) 10... e5 11. d5 Nd4 12. h5 c5 13. hxg6 fxg6 14. Bg4 Nf6 15. Bh3 Qe8 16. Qd3 a6 17. a4 Kh8 18. g3 b5 19. axb5 axb5 20. O-O Rxa1 21. Rxa1 bxc4 22. Qd1 Nh5 23. Bg4 Nf6 24. Bh3 Nh5 25. Bg4 Nf6 26. Bh3 1/2-1/2

[Event "45th Olympiad 2024"]
[Site "Budapest HUN"]
[Date "2024.09.15"]
[Round "5.22"]
[Board "4"]
[White "Ribera Veganzones, Josep Maria"]
[Black "Pidluznij, Gleb"]
[Result "0-1"]
[WhiteElo "2167"]
[BlackElo "2425"]
[PlyCount "112"]
[EventDate "2024.09.11"]
[WhiteTeam "Andorra"]
[BlackTeam "Lithuania"]
[WhiteTeamCountry "AND"]
[BlackTeamCountry "LTU"]

1. e4 e5 2. Nf3 Nc6 3. Bc4 Nf6 4. d3 Be7 5. Nc3 d6 6. a3 O-O 7. Be3 h6 ({RR} 7... Be6 8. Nd5 Bxd5 9. exd5 Nb8 10. Ba2 Nbd7 11. d4 e4 12. Nd2 b5 13. Qe2 a6 14. Bg5 Nb6 15. Bxf6 Bxf6 16. c3 Re8 17. Nxe4 Bxd4 18. cxd4 f5 19. O-O Rxe4 20. Qc2 Qd7 21. Rac1 Re7 22. Rfe1 {0-1 Firouzja,A (2767)-Carlsen,M (2832) SpeedChess Final 2024 (2.12)}) ({RR} 7... Be6 8. Nd5 Qd7 9. Bb3 Bxd5 10. exd5 Nd4 11. Bxd4 exd4 12. Nxd4 Ng4 13. Ne6 fxe6 14. Qxg4 Rf6 15. dxe6 Qc6 16. O-O Raf8 17. Rae1 Rf4 18. Qe2 Qc5 19. c3 c6 20. d4 Qg5 21. g3 d5 22. Bc2 {1-0 Vocaturo,D (2629)-Nytra,O (2184) 17th Teplice Open 2024 (9.29)}) 8. h3 Be6 $146 ({RR} 8... Re8 9. g4 Nh7 10. Qd2 Ng5 11. Nxg5 Bxg5 12. Bxg5 hxg5 13. O-O-O Nd4 14. Ne2 Nf3 15. Qe3 Nh4 16. Ng3 g6 17. Rdg1 Kg7 18. Ne2 c6 19. d4 Qf6 20. d5 Bd7 21. Rg3 b5 22. dxc6 Bxc6 23. Ba2 {0-1 Toledano Llinares,J (2357)-Granados Gomez,M (2417) ESP-chT Lanzarote 2003 (3.3)}) ({RR} 8... Re8 9. Qd2 Be6 10. Bxe6 fxe6 11. d4 exd4 12. Nxd4 Nxd4 13. Qxd4 c5 14. Qd3 d5 15. exd5 exd5 16. Ne2 d4 17. Bd2 Qd5 18. O-O-O Bd6 19. f3 c4 20. Qxd4 Rxe2 21. Qxd5+ Nxd5 22. Bxh6 gxh6 23. Rxd5 {0-1 Pavlovic,Z-Toth,A (2288) Belgrade Trophy 19th 2006 (1)}) 9. Nd5 Nb8 10. Nxf6+ Bxf6 11. Bxe6 fxe6 12. O-O Nc6 13. Nh2 Qd7 14. Qg4 Kh7 15. g3 Rf7 16. h4 Raf8 17. Kg2 Bd8 18. Qh5 Qe8 19. Qe2 d5 20. Ng4 Be7 21. Rac1 a5 22. c4 d4 23. Bd2 a4 24. c5 Qa8 25. Rc4 Qa6 26. Qd1 Qb5 27. Bb4 Ra8 28. h5 Bg5 29. Qc2 Raf8 30. Rb1 g6 31. Rh1 Rf3 32. Qe2 gxh5 33. Rxh5 Kg6 34. Rh2 Kg7 35. Qf1 Be3 36. Qe2 Rxf2+ 37. Nxf2 Rxf2+ 38. Qxf2 Bxf2 39. Kxf2 Na5 40. Bxa5 Qxb2+ 41. Kg1 Qb1+ 42. Kf2 Qxd3 43. Rb4 Qc2+ 44. Kg1 Qc1+ 45. Kg2 Qxc5 46. Bxc7 Qxc7 47. Kh3 Qc6 48. Re2 Kg6 49. Kh2 Qc1 50. Rb6 d3 51. Rf2 Qc4 52. Rb4 Qc5 53. Kg2 b5 54. Rbb2 Qe3 55. Rxb5 d2 56. Rf1 Qe2+ 0-1

[Event "45th Olympiad 2024"]
[Site "Budapest HUN"]
[Date "2024.09.15"]
[Round "5.23"]
[Board "1"]
[White "Dragnev, Valentin"]
[Black "Khusenkhojaev, Mustafokhuja"]
[Result "1-0"]
[WhiteElo "2556"]
[BlackElo "2283"]
[PlyCount "93"]
[EventDate "2024.09.11"]
[WhiteTeam "Austria"]
[BlackTeam "Tajikistan"]
[WhiteTeamCountry "AUT"]
[BlackTeamCountry "TJK"]

1. e4 e5 2. Nf3 Nc6 3. Bb5 a6 4. Ba4 Nf6 5. O-O Be7 6. Re1 b5 7. Bb3 d6 8. a4 Bd7 9. c3 O-O 10. d4 h6 11. Bc2 ({RR} 11. Nbd2 exd4 12. cxd4 Nb4 13. Nf1 c5 14. e5 dxe5 15. dxe5 Nh7 16. e6 Bxe6 17. Bxe6 Qxd1 18. Bxf7+ Kxf7 19. Rxd1 Bf6 20. Bd2 Nd3 21. Bc3 c4 22. Bxf6 Nxf6 23. b3 Ne4 24. bxc4 bxc4 25. Ne3 Nexf2 {½-½ So,W (2767)-Vitiugov,N (2732) FIDE World Cup 2019 (4.2)}) ({RR} 11. Nh4 Na5 12. axb5 Nxb3 13. Qxb3 axb5 14. Rxa8 Qxa8 15. Ng6 Re8 16. dxe5 Nxe4 17. Nxe7+ Rxe7 18. exd6 Nc5 19. Qd1 Rxe1+ 20. Qxe1 Qa1 21. Bd2 cxd6 22. Na3 Qxb2 23. Qc1 Qa2 24. Nc2 Nb3 25. Qd1 Nxd2 {0-1 Ziatdinov,R (2100)-Khusenkhojaev,M (2379) 13th Tamil Nadu IM 2024 (7.1)}) 11... exd4 12. Nxd4 Rb8 $146 ({RR} 12... Ne5 13. f4 Ng6 14. e5 dxe5 15. fxe5 Nd5 16. e6 Be8 17. Nd2 Bc5 18. N2b3 Bb6 19. a5 Ba7 20. Kh1 Nde7 21. Be3 Qc8 22. Bg1 f5 23. Qf3 Nh4 24. Qh3 g5 25. Bf2 Neg6 26. Bxh4 Nxh4 27. Nxf5 {1-0 Divya,D (2389)-Makhija,A (2126) 20th Asian Continental w 2023 (2.10)}) 13. Nd2 Re8 14. Nf1 b4 15. a5 Bf8 16. Ng3 bxc3 17. bxc3 g6 18. Bf4 Ne5 19. Qc1 c5 20. Nf3 Kh7 21. h4 Nfg4 22. h5 Qf6 23. Bxe5 dxe5 24. Ba4 Bxa4 25. Rxa4 Rb7 26. hxg6+ fxg6 27. Nf1 h5 28. Ra2 Bh6 29. Qd1 Rd8 30. Qe2 Rbd7 31. Rb1 Rd3 32. Rab2 Rxc3 33. Rb7+ Bg7 34. Ra7 Qf4 35. Rbb7 Rg8 36. Rf7 Qc1 37. Qxa6 Rb3 38. Nh4 Qg5 39. Nf3 Qc1 40. N3d2 Rb2 41. Qd6 Kh6 42. Rxg7 Rxg7 43. Qf8 Rxd2 44. Qxg7+ Kg5 45. Ra6 Kf4 46. Qf7+ Kxe4 47. Qf3+ 1-0

[Event "45th Olympiad 2024"]
[Site "Budapest HUN"]
[Date "2024.09.15"]
[Round "5.23"]
[Board "2"]
[White "Karimov, Alisher"]
[Black "Ragger, Markus"]
[Result "1-0"]
[WhiteElo "2240"]
[BlackElo "2601"]
[PlyCount "71"]
[EventDate "2024.09.11"]
[WhiteTeam "Tajikistan"]
[BlackTeam "Austria"]
[WhiteTeamCountry "TJK"]
[BlackTeamCountry "AUT"]

1. d4 Nf6 2. c4 e6 3. g3 d5 4. Nf3 dxc4 5. Bg2 a6 6. O-O Nc6 7. Nc3 Rb8 8. e4 Be7 9. d5 exd5 10. exd5 Nb4 11. Ne5 Bf5 12. a3 Nd3 13. Nxc4 O-O 14. Be3 b5 15. Na5 c5 16. Nc6 Qd7 17. Nxb8 Rxb8 18. b3 $146 ({RR} 18. Ra2 Bd6 19. b3 Be5 20. Ne2 Rc8 21. Rd2 Nb2 22. Qc1 Nd3 23. Qd1 c4 24. bxc4 bxc4 25. Bd4 Bxd4 26. Nxd4 Be4 27. Bxe4 Nxe4 28. Rc2 Re8 29. Nc6 Qxd5 30. Nb4 Qd4 31. Rxc4 Qxc4 32. Qxd3 Qxd3 {½-½ Goryachkina,A (2558)-Esipenko,A (2683) 76th ch-RUS 2023 (8.2)}) 18... b4 19. axb4 cxb4 20. Ne2 Nxd5 21. Nd4 Bg6 22. Rxa6 Nxe3 23. fxe3 Bg5 24. Nc2 Rd8 25. h4 Bf6 26. h5 Bf5 27. Qf3 Be6 28. Ra8 Bxb3 29. Nd4 Bc4 30. Rfa1 Ne5 31. Qe4 b3 32. Rxd8+ Bxd8 33. Qxe5 b2 34. Rb1 Bc7 35. Qe4 Qa4 36. Qa8+ 1-0

[Event "45th Olympiad 2024"]
[Site "Budapest HUN"]
[Date "2024.09.15"]
[Round "5.23"]
[Board "3"]
[White "Blohberger, Felix"]
[Black "Ilkhomi, Jaloliddin"]
[Result "1-0"]
[WhiteElo "2520"]
[BlackElo "2227"]
[PlyCount "67"]
[EventDate "2024.09.11"]
[WhiteTeam "Austria"]
[BlackTeam "Tajikistan"]
[WhiteTeamCountry "AUT"]
[BlackTeamCountry "TJK"]

1. Nf3 Nf6 2. g3 d5 3. Bg2 c6 4. O-O Bf5 5. d3 e6 6. b3 Nbd7 7. Bb2 Bc5 8. Nbd2 h6 9. e4 Bg4 ({RR} 9... Bh7 10. Qe2 O-O 11. c4 a5 12. a3 Qb6 13. exd5 cxd5 14. d4 Be7 15. c5 Qc6 16. b4 Qa4 17. Bc3 Ne8 18. Rfc1 Nc7 19. Bf1 Bf6 20. b5 Nxc5 21. dxc5 d4 22. Ne4 dxc3 23. Nxf6+ gxf6 24. Rxc3 {1-0 Jones,G (2662)-Christiansen,J (2462) EU-chT (Men) 21st 2017 (2.3)}) ({RR} 9... Bh7 10. Qe2 a5 11. a3 Bb6 12. Kh1 Bc7 13. Nh4 dxe4 14. dxe4 e5 15. Rad1 Qe7 16. Nc4 O-O 17. Ne3 Rfe8 18. Nhf5 Qc5 19. h4 Nf8 20. Qf3 Bxf5 21. Qxf5 Rad8 22. Rxd8 Bxd8 23. Rd1 g6 24. Qf3 {0-1 Coppola,C (2296)-Curi,G (2113) 93rd ch-URU 2023 (9.5)}) 10. h3 Bxf3 11. Qxf3 O-O $146 ({RR} 11... Qc7 12. d4 Be7 13. c4 Bb4 14. Bc3 Qa5 15. Bxb4 Qxb4 16. Rfd1 Nxe4 17. Nxe4 dxe4 18. Qxe4 Nf6 19. Qe3 O-O 20. a3 Qb6 21. b4 Rfd8 22. Rab1 Rd7 23. Rd2 Rad8 24. Rbd1 a5 25. Qc3 axb4 26. axb4 {½-½ Slogar,D (2327)-Zelenika,Z (2058) Hum na Sutli op 6th 2012 (5)}) 12. e5 Nh7 13. d4 Be7 14. Qe2 c5 15. c4 Nb6 16. Rfd1 cxd4 17. Bxd4 Rc8 18. Bxb6 Qxb6 19. cxd5 exd5 20. Bxd5 Ng5 21. Nc4 Qa6 22. f4 Ne6 23. Kh2 Rfd8 24. a4 b5 25. Nd6 Bxd6 26. axb5 Qb6 27. Bxe6 fxe6 28. Ra6 Qc5 29. exd6 Kh8 30. d7 Rc7 31. Rxe6 Rcxd7 32. Re8+ Rxe8 33. Qxe8+ Kh7 34. Qe4+ 1-0

[Event "45th Olympiad 2024"]
[Site "Budapest HUN"]
[Date "2024.09.15"]
[Round "5.23"]
[Board "4"]
[White "Kabilov, Amin"]
[Black "Baidetskyi, Valentin"]
[Result "1/2-1/2"]
[WhiteElo "2212"]
[BlackElo "2512"]
[PlyCount "114"]
[EventDate "2024.09.11"]
[WhiteTeam "Tajikistan"]
[BlackTeam "Austria"]
[WhiteTeamCountry "TJK"]
[BlackTeamCountry "AUT"]

1. d4 Nf6 2. Nf3 e6 3. c4 h6 4. Nc3 Bb4 5. Bd2 c5 6. a3 Bxc3 7. Bxc3 Ne4 8. Rc1 b6 9. g3 Bb7 10. Bg2 O-O 11. O-O d6 $146 ({RR} 11... Nxc3 12. Rxc3 Be4 13. Re3 d5 14. cxd5 exd5 15. Ne5 Bxg2 16. Kxg2 c4 17. b3 b5 18. bxc4 dxc4 19. d5 Qd6 20. Qd4 Nd7 21. Nc6 a6 22. Ne7+ Kh7 23. Rd1 g6 24. Nc6 Rae8 25. f4 Nc5 26. Ne5 {½-½ Sukiasyan,V (2347)-Xiao,T (2506) 30th Abu Dhabi Masters 2024 (1.41)}) 12. Qd3 Qe7 13. Rfd1 Nd7 14. Ng5 Qxg5 15. Bxe4 Bxe4 16. Qxe4 d5 17. cxd5 Nf6 18. Qf3 Nxd5 19. Bd2 Qe7 20. e4 Nf6 21. dxc5 bxc5 22. Bc3 Nd7 23. Qg4 f6 24. Rd3 Rf7 25. Rcd1 Nf8 26. Rd6 Re8 27. Qe2 Qb7 28. Qc4 Rc7 29. a4 Rc6 30. Rd8 Rc8 31. R8d2 Kh8 32. a5 a6 33. f3 Qb5 34. Qxb5 axb5 35. b4 e5 36. bxc5 Rxc5 37. Bb4 Rc4 38. Bxf8 Rxf8 39. Rd8 Rxd8 40. Rxd8+ Kh7 41. Rb8 b4 42. g4 Kg6 43. Kg2 h5 44. gxh5+ Kxh5 45. Kg3 Rc5 46. Rxb4 Rxa5 47. Rb8 Ra1 48. Rh8+ Kg6 49. h4 Rb1 50. Kg2 Rd1 51. Kg3 Kf7 52. Rc8 Rg1+ 53. Kf2 Rg6 54. Rb8 Rh6 55. Kg3 Kg6 56. Kg4 Rh7 57. Rf8 Rh6 1/2-1/2

[Event "45th Olympiad 2024"]
[Site "Budapest HUN"]
[Date "2024.09.15"]
[Round "5.24"]
[Board "1"]
[White "Susilodinata, Andrean"]
[Black "Mchedlishvili, Mikheil"]
[Result "1/2-1/2"]
[WhiteElo "2393"]
[BlackElo "2574"]
[PlyCount "61"]
[EventDate "2024.09.11"]
[WhiteTeam "Indonesia"]
[BlackTeam "Georgia"]
[WhiteTeamCountry "INA"]
[BlackTeamCountry "GEO"]

1. e4 c5 2. c3 d5 3. exd5 Qxd5 4. d4 g6 5. Nf3 Bg7 6. Na3 cxd4 7. Bc4 Qd8 8. Nb5 ({RR} 8. cxd4 Nf6 9. O-O O-O 10. h3 a6 11. Nc2 b5 12. Bb3 Bb7 13. Ne5 Nc6 14. Bf4 Na5 15. Re1 Rc8 16. Ne3 Nxb3 17. axb3 Nd5 18. Bg3 e6 19. Qd2 h5 20. Rac1 Nxe3 21. fxe3 Qd5 22. b4 h4 {½-½ Mamedov,R (2654)-Maghsoodloo,P (2698) Europe Echecs Blitz May op 2021 (7)}) ({RR} 8. cxd4 Nf6 9. Bf4 O-O 10. Nb5 a6 11. Nc3 b5 12. Bb3 Nc6 13. h3 Na5 14. Bc2 Bb7 15. O-O Nc4 16. b3 Na3 17. Bd3 Rc8 18. Rc1 Bxf3 19. Qxf3 Qxd4 20. Ne2 Qd5 21. Bd2 Qxf3 22. gxf3 Rcd8 {0-1 Guleryuz,K (1971)-Kosic,D (2382) Srdja Dragasevic Mem 2024 (6.8)}) 8... Nf6 9. Qxd4 Bd7 10. O-O $146 ({RR} 10. Bxf7+ Kxf7 11. Qc4+ e6 12. Ng5+ Kg8 13. Nc7 Qc8 14. Bf4 Na6 15. O-O-O Nxc7 16. Bxc7 h6 17. Nf3 Nd5 18. Rxd5 exd5 19. Qxd5+ Be6 20. Qd6 Kh7 21. Re1 Re8 22. h4 Bf5 23. Ne5 Qe6 {0-1 Vysochin,S (2501)-Fedoseev,V (2678) Titled Tuesday intern op 23rd June blitz 2020 (7)}) 10... Nc6 11. Qh4 Bg4 12. Nbd4 Qc7 13. Nxc6 bxc6 14. Ng5 e6 15. Re1 h6 16. Ne4 Nxe4 17. Qxg4 Nf6 18. Qh3 Nd5 19. a4 a5 20. Bd2 h5 21. Rad1 O-O 22. Qf3 Qb7 23. Bc1 Rad8 24. h3 Rd7 25. Bd3 Qb3 26. Qe4 Rfd8 27. Bc2 Qb6 28. Qc4 Qc7 29. h4 Qb6 30. g3 Qc7 31. Bg5 1/2-1/2

[Event "45th Olympiad 2024"]
[Site "Budapest HUN"]
[Date "2024.09.15"]
[Round "5.24"]
[Board "2"]
[White "Paichadze, Luka"]
[Black "Cahaya, Satria Duta"]
[Result "1-0"]
[WhiteElo "2516"]
[BlackElo "2219"]
[PlyCount "101"]
[EventDate "2024.09.11"]
[WhiteTeam "Georgia"]
[BlackTeam "Indonesia"]
[WhiteTeamCountry "GEO"]
[BlackTeamCountry "INA"]

1. e4 c5 2. Nf3 Nc6 3. Bb5 g6 4. Bxc6 dxc6 5. d3 Bg7 6. h3 Nf6 7. Nc3 Nd7 8. Be3 e5 9. O-O Qe7 10. Qd2 Nf8 11. Bh6 ({RR} 11. Nh2 Ne6 12. f4 exf4 13. Bxf4 Nxf4 14. Qxf4 O-O 15. Ng4 Bxg4 16. Qxg4 Rad8 17. Rae1 c4 18. Qf3 Qb4 19. e5 cxd3 20. cxd3 Qxb2 21. Ne4 Qxe5 22. Kh1 Qd4 23. Rd1 f5 24. Ng5 Rfe8 25. Rfe1 Qf6 {1-0 Flynn,J (2184)-Vigoa Apecheche,Y (2232) Titled Tue 30th Apr Early 2024 (2)}) 11... f6 12. Bxg7 Qxg7 13. Ne2 g5 $146 ({RR} 13... Ne6 14. a4 O-O 15. a5 Rd8 16. Qe3 Bd7 17. Nh2 g5 18. Qg3 Be8 19. Qg4 Bf7 20. Ng3 Nd4 21. Nf5 Nxf5 22. Qxf5 h5 23. Qf3 Qg6 24. Qe3 c4 25. Rfd1 cxd3 26. Rxd3 Rxd3 27. Qxd3 Be6 28. Qd6 {½-½ Sapi,J (2132)-Toth,D (2141) HUN-chT2 Erkel 0405 2004 (10)}) ({RR} 13... Ne6 14. c3 O-O 15. Rad1 Rd8 16. Qe3 Qf7 17. Rd2 b6 18. Rfd1 Ba6 19. Ne1 Qc7 20. g3 Ng5 21. h4 Nf7 22. f4 Qd7 23. Kg2 Re8 24. Nf3 Rad8 25. b3 Nh6 26. Nh2 Bc8 27. Ng1 Ng4 28. Nxg4 {½-½ Londyn,R (2350)-Volodin,V (2245) Pardubice op-A 2005 (4)}) ({RR} 13... Ne6 14. c3 O-O 15. d4 cxd4 16. cxd4 exd4 17. Nfxd4 f5 18. Nxe6 Bxe6 19. exf5 Rad8 20. Qb4 Rxf5 21. Rad1 Rfd5 22. Rxd5 Rxd5 23. Nc3 Re5 24. Qd6 Bf7 25. Qb8+ Be8 26. Qxa7 Qe7 27. Qb8 Kg7 28. Kh2 {1-0 Zagrebelny,S (2485)-Nikomanis,A (1980) Aegean op 34th 2011 (2)}) 14. Nh2 Ng6 15. b4 cxb4 16. d4 Qe7 17. dxe5 fxe5 18. Rfb1 a5 19. a3 bxa3 20. Qc3 O-O 21. Rxa3 a4 22. Ng3 Qd6 23. Rxa4 Rxa4 24. Qb3+ Kh8 25. Qxa4 Qc5 26. Rf1 Be6 27. Ng4 b5 28. Qa5 Qxc2 29. Qc7 Qc5 30. Nh5 Rf7 31. Qd8+ Qf8 32. Qxg5 Bxg4 33. hxg4 Qe7 34. Qe3 Qd7 35. Ra1 Rf8 36. Qh6 Qf7 37. f3 b4 38. Qe3 b3 39. Qb6 Qe6 40. Rb1 Qd6 41. Qb7 Rg8 42. Qxb3 Qd4+ 43. Kh2 c5 44. Qb6 Qd8 45. Qxc5 Qh4+ 46. Kg1 Qg5 47. Qd6 Rf8 48. Rb8 Kg8 49. Rxf8+ Nxf8 50. Nf6+ Kf7 51. Qxf8+ 1-0

[Event "45th Olympiad 2024"]
[Site "Budapest HUN"]
[Date "2024.09.15"]
[Round "5.24"]
[Board "3"]
[White "Ulhaq, Zacky Dhia"]
[Black "Jobava, Baadur"]
[Result "1-0"]
[WhiteElo "2203"]
[BlackElo "2582"]
[PlyCount "120"]
[EventDate "2024.09.11"]
[WhiteTeam "Indonesia"]
[BlackTeam "Georgia"]
[WhiteTeamCountry "INA"]
[BlackTeamCountry "GEO"]

1. d4 d5 2. Bf4 c5 3. e3 Nc6 4. Nf3 Bg4 5. Nbd2 e6 6. c3 ({RR} 6. h3 Bxf3 7. Nxf3 Bd6 8. dxc5 Bxf4 9. exf4 Qa5+ 10. c3 Qxc5 11. Bd3 Nf6 12. O-O O-O-O 13. b4 Qd6 14. b5 Na5 15. Ne5 Qc7 16. Qa4 Rhf8 17. Rfe1 Kb8 18. Qb4 Rc8 19. Rac1 Nc4 20. a4 Nxe5 {½-½ So,W (2812)-Kramnik,V (2808) Norway Masters blitz 5th 2017 (4)}) 6... a6 ({RR} 6... cxd4 7. cxd4 Bd6 8. Bg3 Nge7 9. Be2 O-O 10. O-O f6 11. Re1 Rc8 12. a3 Bh5 13. Bd3 e5 14. dxe5 fxe5 15. e4 d4 16. Qb3+ Kh8 17. Bc4 Na5 18. Qa2 Bxf3 19. Be6 Bh5 20. Bxc8 Qxc8 21. Rac1 {0-1 ANDHIN,t (1361)-Kriti,M (1691) 40th World Junior Girls 2024 (5.46)}) 7. Be2 $146 ({RR} 7. Bd3 Nf6 8. O-O Be7 9. Qb1 Nh5 10. Ne5 Nxf4 11. exf4 Nxe5 12. dxe5 g6 13. Re1 Bf5 14. Nf1 b5 15. Ne3 Qb6 16. a4 Bxd3 17. Qxd3 c4 18. Qd2 b4 19. Nc2 Rb8 20. h3 bxc3 21. bxc3 Qb2 {0-1 Rosen,E (2372)-Nabaty,T (2644) Teplice op 12th 2017 (3)}) ({RR} 7. Bd3 Nf6 8. h3 Bh5 9. O-O Be7 10. dxc5 Bxc5 11. b4 Be7 12. Qb3 O-O 13. a4 Nd7 14. Rac1 e5 15. Qxd5 Nf6 16. Qxd8 Raxd8 17. Nxe5 Nxe5 18. Bxe5 Rxd3 19. Nb3 Rc8 20. Bd4 Ne4 21. Rc2 Bd1 {0-1 Dang,H (2361)-Shimanov,A (2581) Titled Tuesday intern op 05th Apr Early blitz 2022 (8)}) 7... Nf6 8. Ne5 Bxe2 9. Qxe2 Rc8 10. h4 Bd6 11. h5 O-O 12. Qf3 Bxe5 13. dxe5 Nd7 14. Qg3 f6 15. exf6 Qxf6 16. h6 g6 17. Bg5 Qe5 18. f4 Qc7 19. O-O c4 20. Qg4 Rce8 21. e4 Nc5 22. exd5 exd5 23. f5 Qd7 24. Nxc4 gxf5 25. Qg3 Ne4 26. Nb6 Qe6 27. Qh4 Ne5 28. Be3 Ng6 29. Qh3 f4 30. Qxe6+ Rxe6 31. Bd4 Ng3 32. Nd7 Rf7 33. Nc5 Rc6 34. Rfe1 Nf8 35. Re5 Rxh6 36. Rae1 Rg6 37. Ne6 f3 38. Ng5 Ne4 39. R1xe4 dxe4 40. Nxf7 Rxg2+ 41. Kf1 Kxf7 42. Rxe4 Rxb2 43. Rf4+ Ke8 44. a3 Ne6 45. Rxf3 Rb3 46. Rf6 Nxd4 47. cxd4 Rxa3 48. Rb6 Rf3+ 49. Ke2 Rf7 50. Kd3 Kd8 51. Kc4 Rc7+ 52. Kd3 Rg7 53. d5 Kc7 54. Rh6 b6 55. Kc4 Rg4+ 56. Kc3 Rg6 57. Rxh7+ Kd6 58. Rh5 Kc5 59. Kd3 Rg4 60. Ke3 Rb4 1-0

[Event "45th Olympiad 2024"]
[Site "Budapest HUN"]
[Date "2024.09.15"]
[Round "5.24"]
[Board "4"]
[White "Pantsulaia, Levan"]
[Black "Kristopher, Reynard"]
[Result "1-0"]
[WhiteElo "2516"]
[BlackElo "2114"]
[PlyCount "81"]
[EventDate "2024.09.11"]
[WhiteTeam "Georgia"]
[BlackTeam "Indonesia"]
[WhiteTeamCountry "GEO"]
[BlackTeamCountry "INA"]

1. Nf3 d5 2. c4 c6 3. g3 Nf6 4. Bg2 Bf5 5. Qb3 Qb6 6. d3 e6 7. Be3 Qxb3 8. axb3 a6 9. Nh4 Bg6 10. Bd4 Nbd7 11. Nxg6 hxg6 12. h4 e5 13. Bc3 d4 14. Bd2 Bd6 15. b4 O-O $146 ({RR} 15... Ke7 16. Na3 Rhc8 17. c5 Bc7 18. Nc4 Nd5 19. O-O f5 20. e3 dxe3 21. fxe3 a5 22. bxa5 Nxc5 23. e4 fxe4 24. dxe4 Nf6 25. Bb4 Nfd7 26. Bh3 Ke8 27. Bxc5 Nxc5 28. Bxc8 Rxc8 29. Rad1 Nxe4 30. Rfe1 {1-0 Thybo,J (2568)-Ozen,D (2397) FIDE World Cup Europe Hybrid Qual 2021 (1.4)}) 16. Na3 Rfe8 17. Nc2 e4 18. Nxd4 exd3 19. e3 c5 20. bxc5 Nxc5 21. O-O Rac8 22. Ba5 Nce4 23. b3 Nxf2 24. Rxf2 Rxe3 25. Nf3 Bxg3 26. Rff1 b5 27. Bb6 Re2 28. c5 Nd5 29. Nd4 Ne3 30. Nxe2 dxe2 31. Rfc1 Be5 32. Ra2 Bd4 33. Kh2 Ng4+ 34. Kg3 Bf2+ 35. Kxg4 e1=Q 36. Rxe1 Bxe1 37. c6 f5+ 38. Kh3 Kf7 39. c7 g5 40. Bb7 g4+ 41. Kg2 1-0

[Event "45th Olympiad 2024"]
[Site "Budapest HUN"]
[Date "2024.09.15"]
[Round "5.25"]
[Board "1"]
[White "Navara, David"]
[Black "Tissir, Mohamed"]
[Result "1-0"]
[WhiteElo "2681"]
[BlackElo "2355"]
[PlyCount "75"]
[EventDate "2024.09.11"]
[WhiteTeam "Czech Republic"]
[BlackTeam "Morocco"]
[WhiteTeamCountry "CZE"]
[BlackTeamCountry "MAR"]

1. e4 c5 2. Nf3 d6 3. d4 cxd4 4. Nxd4 Nf6 5. Nc3 Nc6 6. Bg5 e6 7. Qd2 a6 8. O-O-O Bd7 9. f3 h6 10. Be3 Qc7 11. Kb1 Be7 ({RR} 11... b5 12. Bxb5 axb5 13. Ndxb5 Qb8 14. Nxd6+ Qxd6 15. Qxd6 Bxd6 16. Rxd6 O-O 17. Rhd1 Nb8 18. b3 Rc8 19. Kb2 Ra6 20. R6d2 Kf8 21. a4 Ra5 22. Bb6 Ra8 23. e5 Nd5 24. Nxd5 exd5 25. Rxd5 Ke7 26. c4 {½-½ Smirin,I (2648)-Savchenko,B (2638) Baku op 2009 (6)}) ({RR} 11... b5 12. g4 Ne5 13. h4 b4 14. Nce2 Nc4 15. Qc1 Nxe3 16. Qxe3 Rc8 17. Qd2 d5 18. Nc1 dxe4 19. Bxa6 Ra8 20. g5 e3 21. Qe2 Nd5 22. Nb5 Qc6 23. Rxd5 exd5 24. Qxe3+ Kd8 25. Na7 Qxa6 {0-1 Batista,S (1789)-Paiva,H (2064) Maia Chess Open 2024 (4.39)}) 12. g4 b5 13. Nxc6 $146 ({RR} 13. Ndxb5 axb5 14. Nxb5 Qb8 15. Nxd6+ Bxd6 16. Qxd6 Qxd6 17. Rxd6 Ne5 18. Be2 Rc8 19. b3 Nexg4 20. Bd4 e5 21. Bb2 Ne3 22. c4 Rc6 23. Rxc6 Bxc6 24. Rg1 Nh5 25. Bxe5 f5 26. c5 Kf7 27. Bd4 f4 {½-½ Van Foreest,L (2170)-Riemersma,L (2432) NED-chT 1415 2014 (9.3)}) 13... Bxc6 14. Rg1 d5 15. e5 Nd7 16. f4 Nc5 17. Qf2 Bb7 18. a3 O-O-O 19. Bxb5 axb5 20. Nxb5 Ne4 21. Qe1 Qc4 22. Qa5 Rd7 23. Rd4 Qe2 24. Re1 Qg2 25. Bc1 Bd8 26. Qb4 Be7 27. Na7+ Kc7 28. Qa5+ Kb8 29. Rexe4 Rc7 30. c4 dxe4 31. Nb5 Rc6 32. Qa7+ Kc8 33. Rd7 Kxd7 34. Qxb7+ Kd8 35. Qxc6 Qe2 36. Qc7+ Ke8 37. Qc8+ Bd8 38. Nd6+ 1-0